Statistics for Country of origin of the top 50 DJs

Click here to take the quiz!

General Stats

  • This quiz has been taken 102 times
  • The average score is 45 of 50

Answer Stats

RankDJFrom (country)% Correct
26The ChainsmokersUnited States
100%
15KSHMRUnited States
100%
5MarshmelloUnited States
100%
23DVBBSUnited States
100%
21SkrillexUnited States
100%
10Steve AokiUnited States
100%
3David GuettaFrance
99%
16DJ SnakeFrance
99%
14R3HABMorocco / Netherlands
99%
29HeadhunterzNetherlands
99%
30Fredde le GrandNetherlands
99%
33AngerfistNetherlands
99%
18W&WNetherlands
99%
34BassjackersNetherlands
99%
36BlasterjaxxNetherlands
99%
2Martin GarrixNetherlands
99%
12HardwellNetherlands
99%
37Nicky RomeroNetherlands
99%
9AfrojackNetherlands
99%
8TiëstoNetherlands
99%
7Oliver HeldensNetherlands
99%
6Don DiabloNetherlands
99%
4Armin van BuurenNetherlands
99%
25QuintinoNetherlands
99%
32Ummet OzcanNetherlands / Turkey
99%
1Dimirti Vegas & Like MikeBelgium / Greece
97%
50ZeddGermany / Russia
97%
42Swedish House MafiaSweden / Greece
96%
43TujamoGermany
94%
39ATBGermany
94%
17Eric PrydzSweden
94%
48Adam BeyerSweden
94%
20Lost FrequenciesBelgium
92%
38WolfpackBelgium
92%
27Alan WalkerNorway
90%
19Calvin HarrisUnited Kingdom
90%
35Carl CoxUnited Kingdom
90%
22Above & BeyondUnited Kingdom
90%
28VINAIItaly
83%
41Danny AvilaSpain
81%
24NervoAustralia
79%
44Alison WonderlandAustralia
79%
13Timmy TrumpetAustralia
79%
45Martin JensenDenmark
69%
11AlokBrazil
67%
46Cat DealersBrazil
67%
47Vintage CultureBrazil
67%
49Mariana BOMexico
61%
40KURAPortugal
54%
31Vini ViciIsrael
35%

Score Distribution

Percentile by Number Answered

Percent of People with Each Score

Your Score History

You have not taken this quiz